Normal view
MARC view
- الاردن - تاريخ -صاحب الجلالة الهاشمية الحسين بن طلال - خطابات
Entry Topical Term
001 - CONTROL NUMBER
- control field: 53368
003 - CONTROL NUMBER IDENTIFIER
- control field: JO-AjAnu
005 - DATE AND TIME OF LATEST TRANSACTION
- control field: 20230606082751.0
008 - FIXED-LENGTH DATA ELEMENTS
- fixed length control field: 230606|| aca||aabn | a|a d
040 ## - CATALOGING SOURCE
- Original cataloging agency: JO-AjAnu
- Transcribing agency: JO-AjAnu
150 ## - HEADING--TOPICAL TERM
- Topical term or geographic name entry element: الاردن - تاريخ -صاحب الجلالة الهاشمية الحسين بن طلال - خطابات
670 ## - SOURCE DATA FOUND
- Source citation: Work cat.: (JO-AjAnu)27264: الحسين بن طلال، ملك الأردن، 1952 - 1999؛ اشراف الديوان الملكي الهاشمي؛ إعداد وتحرير بكر خازر المجالي؛ المتابعة والتنسيق منتهى قبلان العبداللات، المتابعة والتنسيق جنان زكي أبو زياد, author 53367, خطب العرش السامي لصاحب الجلالة الهاشمية المغفورالملك الحسين بن طلال طيب الله ثراه 1388-1419هجري/1968-1998م، الجزء الثاني